000 00598nam a22002177a 4500
999 _c3876
_d3876
001 4280158
003 GBCCL
005 20241126110506.0
008 861215s1986 ilua 000 0 eng
010 _a 85062703
020 _a0896932648
040 _aDLC
_cDLC
_dDLC
050 0 0 _aMLCS 86/13429 (B)
082 _a248.83
_bSTE
100 1 _aStearns, Bill.
_93694
245 1 0 _aFilling up your think tank /
_cBill Stearns.
260 _a[Wheaton, Ill.?] :
_bVictor Books,
_cc1986.
300 _a144 p. :
_bill. ;
_c18 cm.
906 _a7
_bcbc
_corignew
_du
_eopcn
_f19
_gy-gencatlg
942 _2ddc
_cBK